December Dates Fill In Quiz Stats

 Plays Quiz not verified by Sporcle

Score 0/31 Timer 07:00
0 Plays Today
December Event with Missing Word Missing Word % Correct
____ ____ refused to give up her seat on a busRosa Parks
100%
The first successful artificial ____ transplant was completed at the University of Utah Medical Center. The recipient was Barney C. Clark, age 61Heart
94.6%
____ ____ is attacked by the Japanese NavyPearl Harbor
93.5%
The Beatles member, ____ ____, is shot and killed in New York CityJohn Lennon
88.2%
The first professional ____ playoff game is playedFootball
83.9%
____ ____ becomes the first European to set foot on the island of HispaniolaChristopher Columbus
73.1%
The Bill of ____ went into effectRights
73.1%
The ____ ____ ____occurs when the Sons of Liberty dump crates of tea into Boston harbor as a protest against the Tea ActBoston Tea Party
72%
Mayflower Pilgrims landed at ____, MassachusettsPlymouth
69.9%
____ ____ crossed the Delaware RiverGeorge Washington
67.7%
Mikhail Gorbachev resigns as leader of the ____ ____Soviet Union
66.7%
The first ____ ____ was raised aboard the 'USS Alfred'American Flag
63.4%
____ ____ sworn in as vice president, following the resignation of Spiro AgnewGerald Ford
61.3%
Home of the Rockettes, ____ ____ ____ ____, opened in New York CityRadio City Music Hall
59.1%
____ ____ fights his last boxing match and is defeated by Trevor BerbickMuhammad Ali
55.9%
President ____ ____ died in Kansas City, MissouriHarry S. Truman
53.8%
December Event with Missing Word Missing Word % Correct
____ ____ at age 23 is the youngest NHL player to score 1,000 pointsWayne Gretzky
49.5%
Berry Gordy founds the ____ record label in Detroit, MichiganMotown
45.2%
The ____ Tunnel opens to traffic in New York CityLincoln
39.8%
____ declared war on Italy, Japan and GermanyChina
35.5%
The first episode of ____ ____airs on televisionThe Simpsons
33.3%
____ was allowed to join the United NationsJapan
33.3%
Delhi replaces ____ as the capital of IndiaCalcutta
28%
____ _____ completed at a ceremony in New OrleansLouisiana Purchase
28%
The last strip of the popular comic ____ and ____ is publishedCalvin and Hobbes
28%
____ ____ patents the radioThomas Edison
25.8%
____ ____ becomes the first Vice President of the United States to resignJohn C. Calhoun
8.6%
The 20th state, ____, is admitted to the unionMississippi
5.4%
Confederates won the Civil War Battle of ____Fredericksburg
4.3%
The ____ becomes the first aircraft to fly non-stop around the world.Voyager
3.2%
The ____ ____ Oil Company, the first oil company in the United States was formed in New Haven, ConnecticutPennsylvania Rock
2.2%

You're not logged in!

Compare scores with friends on all Sporcle quizzes.
OR
Log In

Show Comments

Extras

Top Quizzes Today


Score Distribution

Your Account Isn't Verified!

In order to create a playlist on Sporcle, you need to verify the email address you used during registration. Go to your Sporcle Settings to finish the process.

Report this User

Report this user for behavior that violates our Community Guidelines.

Details: